[Event "Africa-ch U20 Girls"]
[Site "Tiaret"]
[Date "2014.01.27"]
[Round "3"]
[White "Ait Abbas, Nesrine"]
[Black "Lahmar, Chaima"]
[Result "1/2-1/2"]
[WhiteElo "1420"]
[BlackElo "1525"]
[PlyCount "96"]
[EventDate "2014.01.25"]
[EventType "swiss"]
[EventRounds "9"]
[EventCountry "ALG"]
[SourceTitle "CBM 158 Extra"]
[Source "ChessBase"]
[SourceDate "2014.02.28"]
[SourceVersion "1"]
[SourceVersionDate "2014.02.28"]
[SourceQuality "1"]

1. c4 Nf6 2. Nc3 g6 3. g3 Bg7 4. Bg2 0-0 5. Nf3 d6 6. 0-0 Nbd7 7. d3 Nb6 8. Bd2 Re8 9. b4 c6 10. Rb1 d5 11. c5 Nbd7 12. d4 e5 13. dxe5 Nxe5 14. Nxe5 Rxe5 15. a4 a6 16. Bf4 Re8 17. e3 Nh5 18. Ne2 Nxf4 19. Nxf4 Bf5 20. Rb3 Rb8 21. Ne2 Be4 22. Nd4 Bxg2 23. Kxg2 Qe7 24. Kg1 a5 25. Qd2 axb4 26. Qxb4 Bf8 27. Rc1 Qc7 28. a5 Qd7 29. Rcb1 Qe7 30. Rc1 Rec8 31. Qb6 Qc7 32. Qxc7 Rxc7 33. a6 Ra8 34. axb7 Rb8 35. Kg2 Rbxb7 36. Rxb7 Rxb7 37. Nxc6 Rb5 38. Nd4 Rxc5 39. Rxc5 Bxc5 40. Kf3 Kg7 41. Nb5 Bb6 42. Kf4 Kf6 43. h4 h5 44. f3 Ba5 45. g4 hxg4 46. fxg4 Bb6 47. e4 dxe4 48. Kxe4 Bd4 1/2-1/2